Sports Quiz

Random Sports or Football Quiz
Score 0/44 Timer 10:00
0 Plays Today
Team and Competition Player Name % Correct
Cardiff City, Premier League 2014Wilfried Bony
97.7%
Napoli, Europa League 2014Wilfried Bony
97.7%
Cardiff City, Premier League 2014Michel Vorm
96.1%
Napoli, Europa League 2014Michel Vorm
96.1%
Cardiff City, Premier League 2014Ashley Williams
91.5%
Napoli, Europa League 2014Ashley Williams
91.5%
Cardiff City, Premier League 2014Ángel Rangel
89.9%
Napoli, Europa League 2014Ángel Rangel
89.9%
Cardiff City, Premier League 2014Nathan Dyer
87.6%
Napoli, Europa League 2014Nathan Dyer
87.6%
Rotherham United, Capital One Cup 2014Nathan Dyer
87.6%
Cardiff City, Premier League 2014Wayne Routledge
85.3%
Everton, FA Cup 2014Wayne Routledge
85.3%
Napoli, Europa League 2014Wayne Routledge
85.3%
Cardiff City, Premier League 2014Leon Britton
79.8%
Napoli, Europa League 2014Leon Britton
79.8%
Cardiff City, Premier League 2014Ben Davies
79.1%
Napoli, Europa League 2014Ben Davies
79.1%
Rotherham United, Capital One Cup 2014Federico Fernández
79.1%
Everton, FA Cup 2014Neil Taylor
78.3%
Cardiff City, Premier League 2014Jonathan de Guzmán
75.2%
Everton, FA Cup 2014Jonathan de Guzmán
75.2%
Team and Competition Player Name % Correct
Cardiff City, Premier League 2014Chico Flores
65.9%
Napoli, Europa League 2014Chico Flores
65.9%
Everton, FA Cup 2014Gerhard Tremmel
65.1%
Rotherham United, Capital One Cup 2014Gerhard Tremmel
65.1%
Rotherham United, Capital One Cup 2014Jefferson Montero
63.6%
Everton, FA Cup 2014Jordi Amat
57.4%
Everton, FA Cup 2014Pablo Hernández
54.3%
Napoli, Europa League 2014Pablo Hernández
54.3%
Rotherham United, Capital One Cup 2014Bafétimbi Gomis
50.4%
Everton, FA Cup 2014Jazz Richards
39.5%
Rotherham United, Capital One Cup 2014Jazz Richards
39.5%
Rotherham United, Capital One Cup 2014Dwight Tiendalli
30.2%
Everton, FA Cup 2014Kyle Bartley
29.5%
Rotherham United, Capital One Cup 2014Kyle Bartley
29.5%
Rotherham United, Capital One Cup 2014Jay Fulton
29.5%
Everton, FA Cup 2014José Alberto Cañas
27.1%
Napoli, Europa League 2014José Alberto Cañas
27.1%
Rotherham United, Capital One Cup 2014Tom Carroll
24%
Everton, FA Cup 2014Roland Lamah
22.5%
Cardiff City, Premier League 2014Marvin Emnes
21.7%
Everton, FA Cup 2014Álvaro Vázquez
11.6%
Rotherham United, Capital One Cup 2014Josh Sheehan
8.5%
Remove Ads.
Support Sporcle.
Get the best of Sporcle when you Go Orange. This ad-free experience offers more features, more stats, and more fun while also helping to support Sporcle. Thank you for becoming a member.

You're not logged in!

Compare scores with friends on all Sporcle quizzes.
OR
Log In

Show Comments

Extras

Top Quizzes Today


Score Distribution

Your Account Isn't Verified!

In order to create a playlist on Sporcle, you need to verify the email address you used during registration. Go to your Sporcle Settings to finish the process.

Report this User

Report this user for behavior that violates our Community Guidelines.

Details: